Statistiques concernant Rappeur français avec un titre 3

Cliquez ici pour prendre le quiz!

Statistiques générales

  • Ce quiz a été pris 886 fois
  • Le résultat moyen est 9 sur 15

Statistiques - réponses

TitreRappeur% Correct
deux frèresPNL
97%
La vie qu'on mèneNinho
94%
Bruxelles vieDamso
92%
JCVDJul
91%
God bless (ft Damso)Hamza
87%
AristocrateHeuss l'enfoiré
83%
Mr ochoSDM
82%
PeteteGambi
79%
Pirelli (ft Jul)Mister V
51%
AnnunakiVald
49%
Lettre à un oppsGazo
38%
CocoLorenzo
38%
Sur mon nomCaballero et JeanJass
14%
Sex et moiIco
3%
MinuitRim'k
1%

Distribution des résultats

Percentile par nombre de réponses

% des personnes avec chaque résultat

Votre développement - résultats

Vous n’avez pas pris ce quiz